• 首页
  • 本馆介绍
  • 公告通知
  • 最新文献
  • 馆藏检索
  • 电子资源
  • 读者导购
  • 参考咨询
  • 我的图书馆
  • 登录
  • 详细信息显示
  • 放入我的书架
  • 预约/预借图书
  • 作者相关作品
  • 分类相关作品
  • 丛书相关作品
  • 出版社相关作品

书目信息

  • 表格格式
  • 工作单格式
  • 卡片格式
题名:
食品安全检测技术
    
 
作者: 邵兵 , 周乃元 , 邓瑛 主编
分册:  
出版信息: 北京   中国劳动社会保障出版社  2012
页数: 14,472页
开本: 26cm
丛书名:
单 册:
中图分类: R155.5
科图分类:
主题词: 食品检验 , 食品卫生 , 食品卫生--食品检验
电子资源:
ISBN: 978-7-5045-9213-2
000 00971nam0 2200277 45
001 1354549374
005 20130510094405.59
010    @a978-7-5045-9213-2@dCNY98.00
100    @a20130108d2012 em y0chiy50 ea
101 0  @achi
102    @aCN@b110000
105    @aa z 000yy
106    @ar
200 1  @a食品安全检测技术@AShi Pin An Quan Jian Ce Ji Shu@f邓瑛,周乃元,邵兵主编@FDeng Ying, Zhou Nai Yuan, Shao Bing Zhu Bian
210    @a北京@c中国劳动社会保障出版社@d2012
215    @a14,472页@c图@d26cm
330    @a本书针对食品安全基层检测人员的需要,着重讲解了食品安全检测基础知识以及新技术、新方法。具体内容包括:样品前处理技术、分析技术、食品添加剂检测技术等。
606 0  @a食品检验
606 0  @a食品卫生
606 0  @a食品卫生@x食品检验
690    @aR155.5@v5
701  0 @a邵兵@AShao Bing@4主编
701  0 @a周乃元@AZhou Nai Yuan@4主编
701  0 @a邓瑛@ADeng Ying@4主编
801    @aCN@bTANGWEI@c20130109
905    @b0830815-17@dR155.5@e103@f3
    
    食品安全检测技术/邓瑛,周乃元,邵兵主编.-北京:中国劳动社会保障出版社,2012
    14,472页:图;26cm
    
    
    ISBN 978-7-5045-9213-2:CNY98.00
    本书针对食品安全基层检测人员的需要,着重讲解了食品安全检测基础知识以及新技术、新方法。具体内容包括:样品前处理技术、分析技术、食品添加剂检测技术等。
●
相关链接 在E读中查询图书 在五车中查询图书 在当当中查询图书 在豆瓣中查询图书


正题名:食品安全检测技术     索取号:R155.5/103         预约/预借

序号 登录号 条形码 馆藏地/架位号 状态 备注
1 0830815   208308151   第二样本阅览室/ [索取号:R155.5/103] 在馆    
2 0830816   208308160   第三借阅区/ [索取号:R155.5/103] 在馆    
3 0830817   208308179   第三借阅区/ [索取号:R155.5/103] 在馆    
唐山师范学院图书馆 欢迎您!
大连网信软件有限公司© 版权所有